Design and production planning in light industry (Record no. 548464)
[ view plain ]
| 000 -LEADER | |
|---|---|
| fixed length control field | 00713cam a22001331 4500 |
| 082 ## - DEWEY DECIMAL CLASSIFICATION NUMBER | |
| Classification number | 658.51 |
| Author Mark | SLO |
| -- | L-17, P-16 |
| 100 1# - MAIN ENTRY--PERSONAL NAME | |
| Personal name | Slonim, Asir Isidorovich. |
| 9 (RLIN) | 44771 |
| 245 10 - TITLE STATEMENT | |
| Title | Design and production planning in light industry |
| Statement of responsibility, etc. | [by] A. I. Slonim. (Organizatsiya tekhnicheskoi podgotovki proizvodstva na priborostroitelńom predpriyatii) Translated from Russian [by S. Ramon. Rev. and edited by IPST staff] |
| 260 ## - PUBLICATION, DISTRIBUTION, ETC. | |
| Place of publication, distribution, etc. | Jerusalem, |
| Name of publisher, distributor, etc. | Israel Program for Scientific Translations; [available from the Office of Technical Services, U.S. Dept. of Commerce, Washington] |
| Date of publication, distribution, etc. | 1963. |
| 300 ## - PHYSICAL DESCRIPTION | |
| Extent | 124 p. |
| Other physical details | illus. |
| Dimensions | 25 cm. |
| 526 ## - STUDY PROGRAM INFORMATION NOTE | |
| Program name | 0 |
| Interest level | 0 |
| Reading level | 0 |
| Title point value | 658_510000000000000_SLO |
| 650 #0 - SUBJECT ADDED ENTRY--TOPICAL TERM | |
| Topical term or geographic name entry element | Production engineering. |
| 9 (RLIN) | 2471 |
| 942 ## - ADDED ENTRY ELEMENTS (KOHA) | |
| Source of classification or shelving scheme | |
| Koha item type | Book |
| Withdrawn status | Lost status | Source of classification or shelving scheme | Damaged status | Not for loan | Permanent Location | Current Location | Date acquired | Total Checkouts | Full call number | Barcode | Date last seen | Price effective from | Koha item type |
|---|---|---|---|---|---|---|---|---|---|---|---|---|---|
| Military College of Engineering (MCE) | Military College of Engineering (MCE) | 08/28/2014 | 658.51 SLO | MCE-2471 | 12/21/2015 | 08/28/2014 | Book |
